| 000 | 01336cam a22002295a 4500 | ||
|---|---|---|---|
| 001 | L158444 | ||
| 008 | 150226s2015 xxk f 000 0 eng d | ||
| 035 | _a(Sirsi) u158444 | ||
| 041 | 0 | _aeng | |
| 110 | 2 |
_aJones Lang LaSalle _93755 |
|
| 245 | 0 | 0 |
_aCities research center 2014 Global 300 _bThe new commercial geography of cities _h[electronic resource] |
| 260 |
_aChicago _bJLL _c2015 |
||
| 520 | _aOutlines the criteria and process for the selection of the 300 cities based on an Index of Commercial Attraction measuring a city's economic and real estate power and status using factors such as investment volumes and real estate stock as well as socio-economic factors and business indicators. Breaks the centres down into three main categories with the top 4 Super-Cities Tokyo, London New York and Paris dominating the real estate market, mature ones such as Sydney, Toronto, Washington DC and Frankfurt and emerging ones such as Seoul, San Paulo and Mumbai. The City Comparison Toolkit allows the user to compare cities with each other. | ||
| 590 | _aKA | ||
| 650 | 2 | 4 | _aCITIES |
| 650 | 2 | 4 | _aINVESTMENT |
| 650 | 2 | 4 | _aRANKINGS |
| 651 | 4 | _aInternational | |
| 690 |
_aCommercial property _96227 |
||
| 856 | 4 | 0 |
_uhttps://www.jll.com/research/127/Jll-global300-cities _zView the item free of charge from www.jll.com |
| 942 | _n0 | ||
| 999 |
_c115309 _d115309 |
||